"Φουστάνια" αναγεννησιακού τύπου στη Χίο : 16ος αιώνας - αρχές 20ού : λαογραφική συμβολή στην τυπολογική προσέγγιση των τοπικών ενδυμασιών

Αποθηκεύτηκε σε:
Λεπτομέρειες βιβλιογραφικής εγγραφής
Κύριος συγγραφέας: Μαχά-Μπιζούμη, Νάντια (Συγγραφέας)
Μορφή: Βιβλίο
Γλώσσα:Greek
Δημοσίευση: Αθήνα : Πολιτιστικό Ίδρυμα Ομίλου Πειραιώς, c2020.
Θέματα:
Ετικέτες: Προσθήκη ετικέτας
Δεν υπάρχουν, Καταχωρήστε ετικέτα πρώτοι!

MARC

LEADER 00000cam a2200000 a 4500
001 1/122697
008 210222t2020####gr | ||| |||| ||gre||
020 |a 9789602442159   |q (χαρτόδετο)  
040 |a GR-MyUa  |b gre  |c GR-MyUa  |e AACR2 
041 1 |b gre 
082 7 |a 391.20949582   |2 (23)  
100 1 |a Μαχά-Μπιζούμη, Νάντια,  |e aut 
245 1 2 |a "Φουστάνια" αναγεννησιακού τύπου στη Χίο :   |b 16ος αιώνας - αρχές 20ού : λαογραφική συμβολή στην τυπολογική προσέγγιση των τοπικών ενδυμασιών /   |c Νάντια Μαχά - Μπιζούμη.  
260 |a Αθήνα :   |b Πολιτιστικό Ίδρυμα Ομίλου Πειραιώς,   |c c2020.  
300 |a 254 σ. :   |b εικ., πορτρ., φωτ. ;   |c 28 εκ.  
500 |a Περιλαμβάνει βιβλιογραφία και ευρετήριο.  
650 0 |a Clothing and dress  |z Greece  |z Chios Island. 
650 0 |a Women's clothing  |z Greece  |z Chios Island. 
650 0 |a Folklore  |z Chios Island (Greece) 
650 0 |a Costume  |z Greece  |z Chios Island. 
852 |a INST  |b CHIOS  |e 20210222  |h 391.20949582 ΜΑΧ  |p 005200039790  |q 005200039790  |t BK  |y 0 
920 |a Πολιτιστικό Ίδρυμα Ομίλου Πειραιώς   |y Χίος  |z 2021-02 
970 |a Παροικάκη  |b Βασιλική  |z 22/2/21